| 000 | 00762nam a2200253Ia 4500 | ||
|---|---|---|---|
| 003 | OSt | ||
| 005 | 20220927105406.0 | ||
| 006 | a|||||r|||| 00| 0 | ||
| 007 | ta | ||
| 008 | 220926b |||||||| |||| 00| 0 eng d | ||
| 020 | _a8189013025 | ||
| 024 | _a168365 | ||
| 037 | _cReference Collections | ||
| 040 |
_aRTL _cRTL _beng |
||
| 041 |
_2eng _aeng |
||
| 082 | _a"Y:5:5(Y) . 2 .P, P6" | ||
| 100 |
_aSIMON-KUMAR Rachal _9372162 |
||
| 245 | 0 | _aMarketing Reproduction ? Ideology and population policy in India . | |
| 260 |
_aDelhi _bZuban _c2006 |
||
| 300 |
_a"vii, 268p." _ccm. |
||
| 500 | _aGlossery :P. 262-64 | ||
| 942 |
_h"Y:5:5(Y) . 2 .P, P6" _cCC |
||
| 999 |
_c692297 _d692297 |
||